00640nam a2200241 a 4500001001300000003000900013005001700022008004100039020001000080082001300090100001600103245002700119260003900146300000800185500003500193505001300228650001800241700001600259902000800275942000700283952009300290999001500383nice12345678IN_TiNIC20260116011813.0050524s1931 tura grs 000 0 trg  ac10000a244bLAG aLagerlof, S aQissah, Story of Jesus aTurkibMission Press Kashgarc1931 a20p aincludes index and biblioraphy2 aAppendix aBible Stories1 aLagerlof, S bRBA cPS 00104070aHMIbHMId2007-07-05g100.00l0o244 LAGp5358r2007-07-05w2026-01-16yARB c4091d4091